Culture Générale - Série 2235 - Statistiques

Statistiques générales
  • Ce quiz a été pris 137 fois
  • Le résultat moyen est 5 sur 10
Statistiques - réponses
Question Réponse % Correct
Quel pays a pour capitale Katmandou ? Népal
94%
Quelle est la capitale de la Nouvelle-Zélande ? Wellington
89%
Quel nom porte le logiciel de traitement de texte mis au point par Microsoft ? Word
80%
Dans le langage familier, comment appelle-t-on la dent du petit enfant ? quenotte
65%
À quel réalisateur français doit-on le film "Banzaï" en 1983 avec Coluche ? prénom et nom Claude Zidi
53%
À quel réalisateur français doit-on "Le Corniaud" ou "La Grande Vadrouille" ? prénom et nom Gérard Oury
53%
Quelle est la race du chien de l'inspecteur Colombo ? basset
41%
À quel groupe musical international doit-on la bande originale du film "Flash Gordon" en 1980 ? voir photo Queen
41%
Qui incarne l'ange Michael dans le film du même nom réalisé en 1996 par Nora Ephron ? prénom et nom John Travolta
14%
Quel film de Jeremiah Chechik a réuni sur les écrans en 1996 Isabelle Adjani et Sharon Stone ? Diabolique
9%
Aucun quiz correspondant
Distribution des résultats
% des personnes avec chaque résultat
Percentile par nombre de réponses
Votre historique - résultats
Vous n’avez pas pris ce quiz